000 00496nam a2200169Ia 4500
999 _c27476
_d27476
003 OSt
005 20201201093908.0
008 190216s9999||||xx |||||||||||||| ||und||
040 _coclc
082 _a894.8123
_bRAM/C
100 _aRamakrishnan, Malayatoor
_96469
245 0 _aChallikkozhi /
_cMalayatoor Ramakrishnan
260 _bPoorna Pubs,
_c1990.
_a Kozhikode:
300 _a88p
650 _aMalayalam Novel
942 _cBK
_2ddc
_h894.8123
_iRAM/C
_k894.8123
_mRAM/C